Santuarios Marianos de la Provincia de Toledo / (Record no. 73658)

MARC details
000 -LEADER
campo de control de longitud fija 00723nam a2200205 i 4500
001 - NÚMERO DE CONTROL
campo de control 73658
003 - IDENTIFICADOR DE NÚMERO DE CONTROL
campo de control ES-MaACL
005 - FECHA Y HORA DE LA ÚLTIMA TRANSACCIÓN
campo de control 20230906171902.0
007 - CAMPO FIJO DE DESCRIPCIÓN FÍSICA--INFORMACIÓN GENERAL
campo de control de longitud fija t|
008 - DATOS DE LONGITUD FIJA--INFORMACIÓN GENERAL
campo de control de longitud fija 040909s1983 sp ||||1| spa d
100 1# - ENTRADA PRINCIPAL--NOMBRE DE PERSONA
Nombre de persona Gómez-Menor Fuentes, José.
9 (RLIN) 58043
245 10 - MENCIÓN DEL TÍTULO
Título Santuarios Marianos de la Provincia de Toledo /
Mención de responsabilidad, etc. por José Gómez-Menor Fuentes.
260 ## - PUBLICACIÓN, DISTRIBUCIÓN, ETC.
Lugar de publicación, distribución, etc. Toledo :
Nombre del editor, distribuidor, etc. Instituto Provincial de Investigaciones y Estudios Toledanos,
Fecha de publicación, distribución, etc. 1983.
300 ## - DESCRIPCIÓN FÍSICA
Extensión 53 p. :
Otras características físicas il. ;
Dimensiones 21 cm.
490 1# - MENCIÓN DE SERIE
Mención de serie Temas Toledanos ;
Designación de volumen o secuencia 27
710 2# - ENTRADA AGREGADA--NOMBRE DE ENTIDAD CORPORATIVA
Nombre de entidad corporativa o nombre de jurisdicción como elemento de entrada Instituto Provincial de Investigaciones y Estudios Toledanos.
9 (RLIN) 5217
830 0# - PUNTO DE ACCESO ADICIONAL DE SERIE-TÍTULO UNIFORME
Título uniforme Temas Toledanos ;
Designación de volumen o secuencia 27
9 (RLIN) 181269
852 ## - LOCALIZACIÓN
Ubicación ES-MaACL
Número de control de estantería L-6384
Sublocalización o colección R.106682
Holdings
Estatus retirado Estado de pérdida Estado de daño No para préstamo Biblioteca de origen Biblioteca actual Ubicación en estantería Fecha de adquisición Fuente de adquisición Total de préstamos Signatura topográfica completa Código de barras Visto por última vez Precio de reemplazo Tipo de ítem Koha
        Biblioteca del Ateneo de Madrid Biblioteca del Ateneo de Madrid Depósito 2 17/01/2008     L-6384 1077097 23/02/2023 23/02/2023 Libro impreso